<?xml version="1.0" encoding="UTF-8"?>
<record
    xmlns:xsi="http://www.w3.org/2001/XMLSchema-instance"
    xsi:schemaLocation="http://www.loc.gov/MARC21/slim http://www.loc.gov/standards/marcxml/schema/MARC21slim.xsd"
    xmlns="http://www.loc.gov/MARC21/slim">

  <leader>03677cam a22003494a 4500</leader>
  <datafield tag="090" ind1=" " ind2=" ">
    <subfield code="c">0</subfield>
  </datafield>
  <controlfield tag="001">11873010</controlfield>
  <controlfield tag="005">20240818092901.0</controlfield>
  <controlfield tag="008">991220s2000    enk      b    001 0 eng  </controlfield>
  <datafield tag="010" ind1=" " ind2=" ">
    <subfield code="a">   99050043 </subfield>
  </datafield>
  <datafield tag="020" ind1=" " ind2=" ">
    <subfield code="a">0198503113</subfield>
  </datafield>
  <datafield tag="040" ind1=" " ind2=" ">
    <subfield code="a">DLC</subfield>
    <subfield code="c">DLC</subfield>
    <subfield code="d">DLC</subfield>
  </datafield>
  <datafield tag="042" ind1=" " ind2=" ">
    <subfield code="a">pcc</subfield>
  </datafield>
  <datafield tag="050" ind1="0" ind2="0">
    <subfield code="a">QH83</subfield>
    <subfield code="b">.T84 2000</subfield>
  </datafield>
  <datafield tag="082" ind1="0" ind2="0">
    <subfield code="a">578.012</subfield>
    <subfield code="2">21</subfield>
    <subfield code="b">TUD</subfield>
  </datafield>
  <datafield tag="100" ind1="1" ind2=" ">
    <subfield code="a">Tudge, Colin.</subfield>
  </datafield>
  <datafield tag="245" ind1="1" ind2="4">
    <subfield code="a">The variety of life :</subfield>
    <subfield code="b">A survey and a celebration of all the creatures that have ever lived /</subfield>
    <subfield code="c">Colin Tudge.</subfield>
  </datafield>
  <datafield tag="260" ind1=" " ind2=" ">
    <subfield code="a">London ;</subfield>
    <subfield code="a">New York :</subfield>
    <subfield code="b">Oxford University Press,</subfield>
    <subfield code="c">c2000.</subfield>
  </datafield>
  <datafield tag="300" ind1=" " ind2=" ">
    <subfield code="a">xii, 684 p. :</subfield>
    <subfield code="b">ill. (some col.) ;</subfield>
    <subfield code="c">29 cm.</subfield>
  </datafield>
  <datafield tag="504" ind1=" " ind2=" ">
    <subfield code="a">Includes bibliographical references (p. [629]-644).</subfield>
  </datafield>
  <datafield tag="505" ind1="8" ind2=" ">
    <subfield code="a">Machine generated contents note: PART I -- THE CRAFT AND SCIENCE OF -- CLASSIFICATION -- CHAPTER I -- 'So many goodly creatures' 3 -- CHAPTER 2 -- Classification and the search for order 17 -- CHAPTER 3 -- The natural order: Darwin's dream and Hennig's solution 33 -- CHAPTER 4 -- Data 63 -- CHAPTER 5 -- Clades, grades, and the naming of parts: a plea for -- Neolinnaean Impressionism s8 -- PART II -- A SURVEY OF ALL LIVING CREATURES -- How to use this book 92 -- 1 From two kingdoms to three domains 95 -- 2 The domains of the prokaryotes 107 -- BACTERIA AND ARCHAEA -- 3 The realm of the nucleus 127 -- DOMAIN EUCARYA -- 4 Mushrooms, moulds, and lichens; rusts, smut, and rot 159 -- KINGDOM FUNGI -- 5 The animals I8s -- KINGDOM ANIMALIA -- 6 Anemones, corals, jellyfish, and sea pens 211 -- PHYLUM CNIDARIA -- 7 Clams and cockles, snails and slugs, octopuses and squids 225 -- PHYLUM MOLLUSCA -- 8 Animals withjointed legs 247 -- PHYLUM ARTHROPODA -- 9 Lobsters, crabs, shrimps, barnacles, and many more besides 269 -- SUBPHYLUM CRUSTACEA* -- 10 The insects 287 -- SUBPHYLUM INSECTA -- 11 Spiders, scorpions, mites, -- eurypterids, horseshoe crabs, and sea spiders 309 -- SUBPHYLUM CHELICERATA AND SUBPHYLUM PYCNOGONIDA -- 12 Starfish and brittle stars, -- sea urchins and sand dollars, sea lilies, sea daisies, and sea cucumbers 327 -- PHYLUM ECHINODERMATA -- 13 Sea squirts, lancelets, and vertebrates 339 -- PHYLUM CHORDATA -- 14 Sharks, rays, and chimaeras 355 -- CLASS CHONDRICHTHYES -- 15 The ray-finned fish 369 -- CLASS ACTINOPTERYGII -- 16 Lobefins andtetrapods 389 -- THE SARCOPTERYGII -- 17 The reptiles 407 -- CLASS REPTILIA* -- 18 The mammals 433 -- CLASS MAMMALIA -- 19 Lemurs, lorises, tarsiers, monkeys, and apes 461 -- ORDER PRIMATES -- 20 Human beings and our immediate relatives 489 -- FAMILY HOMINIDAE S.S. -- 21 The birds 515 -- CLASS AVES -- 22 The modern birds 529 -- SUBCLASS NEORNITHES -- 23 The plants 547 -- KINGDOM PLANTAE -- 24 The flowering plants 577 -- CLASS ANGIOSPERMAE -- 25 Daisies, artichokes, thistles, and lettuce 593 -- FAMILY COMPOSITAE (OR ASTERACEAE) -- PART III -- EPILOGUE -- Saving what is left 609 -- Sources andfurther reading 629 -- Geological timescale 645 -- General index 647 -- Index of organisms 655.</subfield>
  </datafield>
  <datafield tag="650" ind1=" " ind2="0">
    <subfield code="a">Biology</subfield>
    <subfield code="x">Classification.</subfield>
  </datafield>
  <datafield tag="650" ind1=" " ind2="0">
    <subfield code="a">Biodiversity.</subfield>
  </datafield>
  <datafield tag="856" ind1="4" ind2="1">
    <subfield code="3">Table of contents only</subfield>
    <subfield code="u">http://www.loc.gov/catdir/toc/fy02/99050043.html</subfield>
  </datafield>
  <datafield tag="856" ind1="4" ind2="2">
    <subfield code="3">Publisher description</subfield>
    <subfield code="u">http://www.loc.gov/catdir/enhancements/fy0604/99050043-d.html</subfield>
  </datafield>
  <datafield tag="856" ind1="4" ind2="2">
    <subfield code="3">Contributor biographical information</subfield>
    <subfield code="u">http://www.loc.gov/catdir/enhancements/fy0723/99050043-b.html</subfield>
  </datafield>
  <datafield tag="942" ind1=" " ind2=" ">
    <subfield code="2">ddc</subfield>
    <subfield code="c">BB</subfield>
    <subfield code="h">RDA-MOD</subfield>
  </datafield>
  <datafield tag="999" ind1=" " ind2=" ">
    <subfield code="c">10354</subfield>
    <subfield code="d">10354</subfield>
  </datafield>
  <datafield tag="336" ind1=" " ind2=" ">
    <subfield code="2">rdacontent</subfield>
    <subfield code="a">text</subfield>
    <subfield code="b">txt</subfield>
  </datafield>
  <datafield tag="337" ind1=" " ind2=" ">
    <subfield code="a">unmediated</subfield>
    <subfield code="2">rdamedia</subfield>
    <subfield code="b">n</subfield>
  </datafield>
  <datafield tag="338" ind1=" " ind2=" ">
    <subfield code="a">volume</subfield>
    <subfield code="b">nc</subfield>
    <subfield code="2">rdacarrier</subfield>
  </datafield>
  <datafield tag="952" ind1=" " ind2=" ">
    <subfield code="0">0</subfield>
    <subfield code="1">0</subfield>
    <subfield code="2">ddc</subfield>
    <subfield code="4">0</subfield>
    <subfield code="7">0</subfield>
    <subfield code="8">Alahram</subfield>
    <subfield code="a">MAIN</subfield>
    <subfield code="b">MAIN</subfield>
    <subfield code="c">1ST</subfield>
    <subfield code="d">2009-01-21</subfield>
    <subfield code="e">purchase </subfield>
    <subfield code="g">261.00</subfield>
    <subfield code="h">6381</subfield>
    <subfield code="l">3</subfield>
    <subfield code="m">6</subfield>
    <subfield code="o">578.012 TUD</subfield>
    <subfield code="p">000015029</subfield>
    <subfield code="r">2026-02-23 00:00:00</subfield>
    <subfield code="s">2026-02-15</subfield>
    <subfield code="w">2009-01-21</subfield>
    <subfield code="y">BB</subfield>
  </datafield>
</record>
